Das königliche Schloß zu Berlin Die barocken Innenräume Textband

Saved in:
Bibliographic Details
Main Authors: Peschken, Goerd (Author)
Wiesinger, Liselotte (Author)
Document Type: Book
Language:German
Published: München : Dt. Kunstverl. , 2001
Subjects:
Online Access:Rezension
Related Items:Rezensiert in: [Rezension von: Goerd Peschken / Liselotte Wiesinger, Das königliche Schloß zu Berlin. Band 3: Die barocken Innenräume]
Author Notes:Goerd Peschken
LEADER 02089cam a22004092cc4500
001 1165483521
003 DE-627
005 20251030223415.0
007 tu
008 011114s2001 xx ||||| 00| ||ger c
020 |a 3422063412  |9 3-422-06341-2 
035 |a (DE-627)1165483521 
035 |a (DE-576)095483527 
035 |a (DE-599)BSZ095483527 
035 |a (OCoLC)314016822 
035 |a (OCoLC)314016822 
040 |a DE-627  |b ger  |c DE-627  |e rakwb 
041 |a ger 
084 |a 9,10  |2 ssgn 
084 |a LK 16684  |2 rvk  |0 (DE-625)rvk/97619:13315 
100 1 |a Peschken, Goerd  |d 1931-  |0 (DE-588)119003112  |0 (DE-627)079786650  |0 (DE-576)16252353X  |4 aut 
245 1 4 |a Das königliche Schloß zu Berlin  |p Die barocken Innenräume  |n Textband  |c Goerd Peschken 
264 1 |a München  |b Dt. Kunstverl.  |c 2001 
300 |a 392 S.  |b Ill. 
336 |a Text  |b txt  |2 rdacontent 
337 |a ohne Hilfsmittel zu benutzen  |b n  |2 rdamedia 
338 |a Band  |b nc  |2 rdacarrier 
583 1 |a Archivierung/Langzeitarchivierung gewährleistet  |f SSG  |x XA-DE-BW  |2 pdager  |5 DE-16 
700 1 |a Wiesinger, Liselotte  |4 aut 
773 1 8 |w (DE-627)1101369752  |w (DE-576)031369758  |g Die barocken Innenräume ; Textband  |q 3,2  |7 nnam 
787 0 8 |i Rezensiert in  |a Hoppe, Stephan, 1966 -   |t [Rezension von: Goerd Peschken / Liselotte Wiesinger, Das königliche Schloß zu Berlin. Band 3: Die barocken Innenräume]  |d 2002  |w (DE-627)1920630988 
856 4 2 |u http://www.sehepunkte.de/2002/11/3496.html  |m V:DE-576;X:Sehepunkte  |q text/html  |v 20180423160621  |3 Rezension  |7 1 
935 |a BGTS 
936 r v |a LK 16684  |b Burgen und Schlösser; herrschaftliche Stadthäuser (Residenzen, palazzi, hôtels u. dgl.), Villen in Stadtnähe  |k Kunstgeschichte  |k Kunst nach Ländern bzw. Kontinenten  |k Deutschland  |k Kunsttopografie Deutschlands  |k Orte Deutschlands  |k Orte B  |k Berlin  |k Burgen und Schlösser; herrschaftliche Stadthäuser (Residenzen, palazzi, hôtels u. dgl.), Villen in Stadtnähe  |0 (DE-627)127064193X  |0 (DE-625)rvk/97619:13315  |0 (DE-576)20064193X 
951 |a MV 
991 |a Rezensiertes Werk 
999 |a KXP-PPN1165483521  |e 4953868188